<?xml version="1.0" encoding="UTF-8"?>
<marc:record xmlns:marc="http://www.loc.gov/MARC21/slim">
   <marc:leader>00000nam a2200000 a 4500</marc:leader>
   <marc:datafield ind1="1" ind2=" " tag="100">
      <marc:subfield code="a">Costantino, Maria</marc:subfield>
      <marc:subfield code="4">aut</marc:subfield>
      <marc:subfield code="e">Verfasser/-in</marc:subfield>
   </marc:datafield>
   <marc:datafield ind1="1" ind2=" " tag="100">
      <marc:subfield code="a">Costantino, Maria</marc:subfield>
   </marc:datafield>
   <marc:datafield ind1=" " ind2=" " tag="653">
      <marc:subfield code="a">Flagge</marc:subfield>
   </marc:datafield>
   <marc:datafield ind1=" " ind2=" " tag="653">
      <marc:subfield code="a">Verzeichnis</marc:subfield>
   </marc:datafield>
   <marc:datafield ind1="0" ind2="0" tag="245">
      <marc:subfield code="a">Handbuch Flaggen</marc:subfield>
   </marc:datafield>
   <marc:datafield ind1="0" ind2="0" tag="245">
      <marc:subfield code="b">über 200 Flaggen aus aller Welt</marc:subfield>
   </marc:datafield>
   <marc:datafield ind1="0" ind2="0" tag="245">
      <marc:subfield code="c">Maria Constantino. [Übers.: Elisabeth Reschat</marc:subfield>
   </marc:datafield>
   <marc:datafield ind1=" " ind2="1" tag="264">
      <marc:subfield code="a">München</marc:subfield>
      <marc:subfield code="b">Bassermann</marc:subfield>
   </marc:datafield>
   <marc:datafield ind1="1" ind2=" " tag="520">
      <marc:subfield code="a">Flagge zeigen Flaggen demonstrieren die Zugehörigkeit zu einer bestimmten Gruppe, sind symbolträchtige Zeichen für staatliche Souveränität, für politische oder religiöse Identität, die man mit Stolz zur Schau trägt. "Flagge zeigen" bedeutet sich zu den grundlegenden Werten seiner Gemeinschaft zu bekennen und sich seiner eigenen historischen Wurzeln bewusst zu sein, die in der vielfältigen Symbolik von Flaggen, über Farbe, Form und Embleme zum Ausdruck kommen. Dieses reich illustrierte Handbuch vereint über 200 Flaggen aus aller Welt, darunter nationale und internationale Flaggen sowie Flaggen von Organisationen und Provinzen. Entwicklung und Symbolik jeder Flagge werden genau erklärt. Das Buch gibt darüber hinaus eine Einführung in Herkunft, Arten und Bedeutung der Flaggen in Geschichte und Gegenwart.</marc:subfield>
   </marc:datafield>
   <marc:datafield ind1=" " ind2=" " tag="020">
      <marc:subfield code="a">9783809417217</marc:subfield>
      <marc:subfield code="9">9783809417217</marc:subfield>
   </marc:datafield>
   <marc:datafield ind1=" " ind2=" " tag="020">
      <marc:subfield code="a">3809417211</marc:subfield>
      <marc:subfield code="9">3809417211</marc:subfield>
   </marc:datafield>
   <marc:datafield ind1=" " ind2=" " tag="041">
      <marc:subfield code="a">ger</marc:subfield>
   </marc:datafield>
   <marc:datafield ind1=" " ind2=" " tag="300">
      <marc:subfield code="a">256 S.</marc:subfield>
   </marc:datafield>
</marc:record>
